Guia de l' Arxiu municipal de Barcelona : 1992 / concepció i direcció: Ramon Alberch i Fugueras 1992 / concepció i direcció:
Descripción Física:
63 p. : il. ; 30 cm
Otros Autores:
Alberch i Fugueras, Ramon, 1951-
Materias:
Arxiu Municipal de Barcelona -- Guies
MARC
| LEADER | 00000nam a2200000Ia 4500 | ||
|---|---|---|---|
| 001 | 9941 | ||
| 008 | 160829s1992 xx 000 0 cat d | ||
| 080 | |a A-1-43 | ||
| 110 | 2 | |a Arxiu Municipal de Barcelona |9 55021 | |
| 245 | |a Guia de l' Arxiu municipal de Barcelona : |b 1992 / concepció i direcció: |b Ramon Alberch i Fugueras | ||
| 260 | |a Barcelona : |b Ajuntament de Barcelona. Regidoria de Presidència, |c 1992 | ||
| 300 | |a 63 p. : |b il. ; |c 30 cm | ||
| 610 | 2 | 0 | |a Arxiu Municipal de Barcelona |v Guies |9 55022 |
| 700 | |a Alberch i Fugueras, Ramon, |d 1951- |9 22280 | ||
| 710 | 1 | |a Barcelona (Catalunya). |b Regidoria de Presidència |9 56270 | |
| 901 | |a Arxiu | ||
| 942 | |n 1 | ||
| 952 | |0 0 |1 0 |4 0 |6 A143 |7 1 |9 41617 |a Arxiu |b Arxiu |d 2016-12-01 |l 0 |o A-1-43 |p 9941 |r 2016-12-01 00:00:00 |w 2016-12-01 |y ARXIU | ||
| 999 | |c 43507 |d 43507 | ||